Catalog

Record Details

Catalog Search



What about nouthetic counseling? : a guestion and answer book with history, gelp and hope for the christian counselor Cover Image Book Book

What about nouthetic counseling? : a guestion and answer book with history, gelp and hope for the christian counselor by Jay A. Adams

Adams, Jay E. (Author).

Record details

  • Physical Description: 91 p.
  • Publisher: Phillipsburg, New Jersey Presbyterian and Reformed Publishing Company 1976

Available copies

  • 1 of 1 copy available at Common Catalog SPOK.

Holds

  • 0 current holds with 1 total copy.
Show All Copies
Location Call Number / Copy Notes Barcode Shelving Location Status Due Date
ETS Library 253.5 424470006067 Volný výběr Available -

LDR 00793nam a2 00217
00145152
003CZ-PrJAB
00520040318000000.0
008031203s1976 xxu e |||| |eng
009us
035 . ‡a(CONS)10092
035 . ‡aKPS5806
041 . ‡aeng
08214. ‡a253.5
100 . ‡7319 ‡aAdams, Jay E.
245 . ‡aWhat about nouthetic counseling? : ‡ba guestion and answer book with history, gelp and hope for the christian counselor ‡cby Jay A. Adams
260 . ‡aPhillipsburg, New Jersey ‡bPresbyterian and Reformed Publishing Company ‡c1976
300 . ‡a91 p.
653 . ‡aWhat about nouthetic counseling? ‡aa guestion and answer book with history, gelp and hope for the christian counselor
8524 . ‡bETS ‡bETS ‡cVolný výběr ‡j253.5 ‡gA ‡p424470006067
910 . ‡aABG450
999 . ‡a10092 ‡bAUTOGEN ‡c10092 ‡tbiblio
905 . ‡uadmin
901 . ‡a45152 ‡b ‡c45152 ‡tbiblio ‡sets

Additional Resources